[Event "Linares"]
[Site "Linares"]
[Date "1988.??.??"]
[Round "?"]
[White "Nunn, John DM"]
[Black "Beliavsky, Alexander G"]
[Result "0-1"]
[WhiteElo "2615"]
[BlackElo "2645"]

1.e4 e5 2.Nf3 Nc6 3.Bb5 a6 4.Ba4 Nf6 5.O-O Be7 6.Re1 b5 7.Bb3 d6 8.c3 O-O
9.h3 Nb8 10.d4 Nbd7 11.Nbd2 Bb7 12.Bc2 Re8 13.Nf1 Bf8 14.Ng3 g6 15.a4 c5
16.d5 c4 17.Bg5 h6 18.Be3 Nc5 19.Qd2 h5 20.Ng5 Bh6 21.f4 h4 22.fxe5 Rxe5
23.Nf3 Bxe3+ 24.Qxe3 Nxd5 25.Qd4 Ne6 26.Qd2 Ndf4 27.Nxe5 Qg5 28.Re3 dxe5
29.Nf1 Rd8 30.Qf2 Nc5 31.Kh2 Ncd3 32.Bxd3 Nxd3 33.Qe2 f5 34.axb5 axb5 35.exf5 gxf5
36.Ra7 Rd7 37.b3 Re7 38.Rxb7 Rxb7 39.bxc4 bxc4 40.Qa2 Qf4+ 41.Kg1 Kh7 42.Rf3 Qe4
43.Nd2 Qe1+ 44.Nf1 Qxc3 45.Rxf5 Nf4 46.Qf2 Kg6 47.Rxf4 exf4 48.Qxf4 Qb4 49.Nd2 Qc5+
50.Kh1 c3 51.Qe4+ Qf5 52.Qc6+ Qf6 53.Qxb7 cxd2 54.Qe4+ Kg7 55.Qg4+ Kh6 56.Qe2 Qa1+
57.Kh2 d1=Q 58.Qe3+ Kg6 59.Qe8+ Kf5 60.Qc8+ Ke4 61.Qc2+ Kd5 62.Qd2+ Qd4  0-1

[Event "World Cup"]
[Site "Reykjavik"]
[Date "1988.??.??"]
[Round "?"]
[White "Nunn, John DM"]
[Black "Timman, Jan H"]
[Result "1/2-1/2"]
[WhiteElo "2620"]
[BlackElo "2660"]

1.e4 e6 2.d4 d5 3.Nc3 Nf6 4.e5 Nfd7 5.f4 c5 6.Nf3 Nc6 7.Be3 a6 8.Qd2 cxd4
9.Nxd4 Bb4 10.a3 Ba5 11.Bd3 Nxd4 12.Bxd4 Nb8 13.Qf2 Nc6 14.Bc5 Bc7 15.Qg3 g6
16.O-O b6 17.Bf2 f5 18.Ne2 O-O 19.Nd4 Bd7 20.Nf3 Na5 21.Qh3 Rf7 22.Kh1 Qe8
23.Ng5 Rg7 24.g4 Bd8 25.gxf5 gxf5 26.Nf3 Bb5 27.Rg1 Ra7 28.Bxb5 axb5 29.Nd4 Nc4
30.Qh6 Rg6 31.Rxg6+ hxg6 32.Rg1 Rg7 33.Bh4 Bxh4 34.Qxh4 Ne3 35.Qf6 Ng4 36.Qxe6+ Qxe6
37.Nxe6 Rh7 38.Rg2 Rh3 39.Nd4 Re3 40.Re2 Re4 41.Rxe4 dxe4 42.Nxb5 Ne3 43.Nd4 Nd5
44.Ne2 Ne3 45.Nd4 Nc4 46.b3 Nxa3 47.c4 Nb1 48.Kg2 Nc3 49.h4 Kf7 50.h5 gxh5
51.Nxf5 Ne2 52.Kf2 Nxf4 53.Ke3 Ng6 54.Kxe4 h4 55.Nxh4  1/2-1/2

[Event "Thessaloniki ol (Men)"]
[Site "Thessaloniki"]
[Date "1988.??.??"]
[Round "1"]
[White "Rodgaard, John"]
[Black "Nunn, John DM"]
[Result "0-1"]
[WhiteElo "2380"]
[BlackElo "2620"]

1.c4 g6 2.Nf3 Bg7 3.d4 Nf6 4.e3 O-O 5.Nc3 d6 6.Be2 Nbd7 7.b3 Re8 8.Qc2 e5
9.Ba3 Qe7 10.O-O e4 11.Nd2 c5 12.Rae1 Nf8 13.dxc5 dxc5 14.Nd5 Nxd5 15.cxd5 b6
16.f3 exf3 17.Bxf3 Ba6 18.Rf2 Rad8 19.Bb2 Bxb2 20.Qxb2 Nd7 21.Qa3 Bb5 22.Qxa7 Ne5
23.Qxe7 Rxe7 24.Be2 Bxe2 25.Rfxe2 Rxd5 26.Nf3 Nc6 27.Rc1 Kg7 28.Rc3 Nb4 29.Kf2 Rd1
30.a3 Nd3+ 31.Kg3 f5 32.Nd2 Rxd2 33.Rxd2 Rxe3+ 34.Kh4 Kh6 35.g3 g5+ 36.Kh3 Nf4+  0-1

[Event "Thessaloniki ol (Men)"]
[Site "Thessaloniki"]
[Date "1988.??.??"]
[Round "2"]
[White "Nunn, John DM"]
[Black "Grivas, Efstratios"]
[Result "1-0"]
[WhiteElo "2620"]
[BlackElo "2400"]

1.e4 e5 2.Nf3 Nc6 3.Bb5 a6 4.Ba4 Nf6 5.O-O Nxe4 6.d4 b5 7.Bb3 d5 8.dxe5 Be6
9.c3 Bc5 10.Nbd2 O-O 11.Bc2 Bf5 12.Nb3 Bg6 13.Nfd4 Bxd4 14.cxd4 a5 15.Be3 a4
16.Nc1 f6 17.exf6 Qxf6 18.Ne2 Nb4 19.Bb1 Nd6 20.Nf4 Bxb1 21.Qxb1 Nc4 22.a3 Qe7
23.Re1 Nxe3 24.fxe3 Nc6 25.Nxd5 Qd7 26.Nc3 Na5 27.Qc2 Nc4 28.Rad1 c6 29.e4 Qa7
30.e5 Rae8 31.Kh1 Rd8 32.e6 Rfe8 33.d5 cxd5 34.Nxd5 Qc5 35.Qf5 Kh8 36.e7 Rb8
37.Rd3 Nb6 38.Qe5 Nxd5 39.Qxb8 Rxb8 40.e8=Q+ Qf8 41.Qxf8+  1-0

[Event "Thessaloniki ol (Men)"]
[Site "Thessaloniki"]
[Date "1988.??.??"]
[Round "3"]
[White "Nunn, John DM"]
[Black "Shvidler, Eliahu"]
[Result "1/2-1/2"]
[WhiteElo "2620"]
[BlackElo "2430"]

1.e4 e5 2.Nf3 Nc6 3.Bb5 a6 4.Ba4 Nf6 5.O-O Be7 6.Re1 b5 7.Bb3 d6 8.c3 O-O
9.h3 Bb7 10.d4 Re8 11.Nbd2 Bf8 12.a3 h6 13.Bc2 Nb8 14.b4 Nbd7 15.Bb2 c5 16.bxc5 exd4
17.cxd4 dxc5 18.Rc1 Rc8 19.Bb1 Nh5 20.e5 Nf4 21.Qc2 g6 22.Ne4 cxd4 23.Qd2 Rxc1
24.Rxc1 Ne6 25.Rd1 Qa8 26.Re1 Rd8 27.h4 d3  1/2-1/2

[Event "Thessaloniki ol (Men)"]
[Site "Thessaloniki"]
[Date "1988.??.??"]
[Round "4"]
[White "Nunn, John DM"]
[Black "Renet, Olivier"]
[Result "1-0"]
[WhiteElo "2620"]
[BlackElo "2440"]

1.e4 c5 2.Nf3 d6 3.d4 cxd4 4.Nxd4 Nf6 5.Nc3 a6 6.Be3 e6 7.f3 Be7 8.Qd2 O-O
9.g4 Nc6 10.O-O-O Rb8 11.h4 Nxd4 12.Bxd4 b5 13.Kb1 Nd7 14.g5 b4 15.Ne2 Ne5
16.f4 Nf3 17.Qd3 Nxd4 18.Nxd4 Bb7 19.Rg1 d5 20.e5 Qb6 21.h5 Bc8 22.Rg3 Bc5
23.Nb3 Bf2 24.Rf3 a5 25.Qd2 Bg1 26.g6 fxg6 27.hxg6 h6 28.f5 exf5 29.Qxd5+ Be6
30.Qxa5 Qb7 31.Bg2 Ra8 32.Rg3 Qxg2 33.Rxg2 Rxa5 34.Nxa5 Be3 35.Rd6 f4 36.Rxe6 f3
37.Rh2 f2 38.Rxf2 Bxf2 39.Nc6 Bc5 40.a3 bxa3 41.b4 Rf1+ 42.Ka2  1-0

[Event "Thessaloniki ol (Men)"]
[Site "Thessaloniki"]
[Date "1988.??.??"]
[Round "5"]
[White "Nunn, John DM"]
[Black "Marin, Mihail"]
[Result "1/2-1/2"]
[WhiteElo "2620"]
[BlackElo "2480"]

1.e4 e5 2.Nf3 Nc6 3.Bb5 a6 4.Ba4 Nf6 5.O-O Nxe4 6.d4 b5 7.Bb3 d5 8.dxe5 Be6
9.c3 Bc5 10.Nbd2 O-O 11.Bc2 Bf5 12.Nb3 Bg6 13.Nfd4 Bxd4 14.cxd4 a5 15.Be3 a4
16.Nc1 a3 17.bxa3 Rxa3 18.Bb3 Nc3 19.Qd2 b4 20.Nd3 Bxd3 21.Qxd3 Qa8 22.Bd2  1/2-1/2

[Event "Thessaloniki ol (Men)"]
[Site "Thessaloniki"]
[Date "1988.??.??"]
[Round "6"]
[White "Ehlvest, Jaan"]
[Black "Nunn, John DM"]
[Result "1/2-1/2"]
[WhiteElo "2580"]
[BlackElo "2620"]

1.e4 e5 2.Nf3 Nc6 3.Bb5 a6 4.Ba4 Nf6 5.O-O Be7 6.Re1 b5 7.Bb3 O-O 8.a4 Bb7
9.d3 d6 10.Nc3 Na5 11.Ba2 b4 12.Ne2 c5 13.c3 bxc3 14.bxc3 c4 15.Ng3 Qc7 16.Nf5 Rfe8
17.Bg5 Rad8 18.Nxe7+ Qxe7 19.Bxc4 Nxc4 20.dxc4 Rc8 21.Nd2 a5 22.Rb1 Ba6 23.Bxf6 Qxf6
24.Rb6 Bxc4 25.Nxc4 Rxc4 26.Rxd6 Qe7 27.Re3 h6 28.h3 Rec8 29.Rd7 Qe6 30.Rd8+ Kh7
31.Rxc8 Qxc8 32.Qd5 Qc7 33.Qb5 Rxc3 34.Rxc3 Qxc3  1/2-1/2

[Event "Thessaloniki ol (Men)"]
[Site "Thessaloniki"]
[Date "1988.??.??"]
[Round "11"]
[White "Nunn, John DM"]
[Black "Benjamin, Joel"]
[Result "1/2-1/2"]
[WhiteElo "2620"]
[BlackElo "2560"]

1.e4 d6 2.d4 Nf6 3.Nc3 g6 4.f4 Bg7 5.Nf3 c5 6.Bb5+ Bd7 7.e5 Ng4 8.e6 fxe6
9.Ng5 Bxb5 10.Qxg4 Bc4 11.b3 Bxd4 12.Bd2 Bd5 13.Nxd5 exd5 14.O-O-O Qd7 15.Ne6 Nc6
16.f5 Bf6 17.Rhe1 Nd8 18.Bg5 Bxg5+ 19.Qxg5 Nxe6 20.Rxe6 O-O-O 21.g4 gxf5
22.Rxe7 Rhg8 23.Qh4 Qc6 24.gxf5 d4 25.f6 Qf3 26.f7 Rgf8 27.Qxh7 Qf6 28.Qe4 d5
29.Qg4+ Kb8 30.Qg3+ Ka8 31.Qc7 Rb8 32.Qxc5 Rfc8 33.Qb4 Qg6 34.Qd2 Rxc2+ 35.Qxc2 Qg5+
36.Kb2 Qxe7 37.Qf2 Rf8 38.Re1 Rxf7 39.Qxd4 Qf8 40.Re2 Rf5 41.h4 a6 42.a4  1/2-1/2

[Event "Thessaloniki ol (Men)"]
[Site "Thessaloniki"]
[Date "1988.??.??"]
[Round "12"]
[White "Pinter, Jozsef"]
[Black "Nunn, John DM"]
[Result "0-1"]
[WhiteElo "2555"]
[BlackElo "2620"]

1.d4 Nf6 2.c4 g6 3.Nc3 Bg7 4.e4 d6 5.Be2 O-O 6.Nf3 e5 7.O-O Nc6 8.d5 Ne7
9.Ne1 Nd7 10.f3 f5 11.g4 Kh8 12.Ng2 a5 13.h4 Nc5 14.Be3 Ng8 15.Rb1 Bd7 16.b3 b6
17.a3 a4 18.b4 Nb3 19.Nb5 Nf6 20.exf5 gxf5 21.Nc3 e4 22.g5 Nh5 23.fxe4 f4
24.Bd2 Nxd2 25.Qxd2 Qe8 26.Bf3 Ng3 27.Rfe1 Be5 28.Ne2 Nxe4 29.Bxe4 f3 30.Nef4 fxg2
31.Nxg2 Qh5 32.Qd3 Bg4 33.Re3 Qf7 34.Qd2 Qg7 35.Rd3 Rf7 36.Re1 Raf8 37.Ne3 Rf4
38.Ng2 R4f7 39.Ne3 Bh5 40.Rf1 Rxf1+ 41.Nxf1 Rf4 42.Qe1 Bd4+ 43.Kg2 Qe5 44.Ng3 Bg4
45.b5 Bf2 46.Qxf2 Bh3+  0-1

[Event "Thessaloniki ol (Men)"]
[Site "Thessaloniki"]
[Date "1988.??.??"]
[Round "14"]
[White "Nunn, John DM"]
[Black "Van der Sterren, Paul"]
[Result "1/2-1/2"]
[WhiteElo "2620"]
[BlackElo "2475"]

1.e4 e5 2.Nf3 Nc6 3.Bb5 a6 4.Ba4 Nf6 5.O-O Be7 6.Re1 b5 7.Bb3 d6 8.c3 O-O
9.h3 Nb8 10.d3 Nbd7 11.Nbd2 Bb7 12.Nf1 Nc5 13.Bc2 Re8 14.Ng3 Bf8 15.b4 Ncd7
16.Bb2 c5 17.a3 Qc7 18.Rc1 g6 19.Bb1 Bh6 20.Rc2 d5 21.exd5 Bxd5 22.c4 bxc4
23.dxc4 Bc6 24.Bc1 Bg7 25.Rd2 Nb6 26.Qb3 e4 27.Ng5 Ba4 28.Qa2 e3 29.Rd3 cxb4
30.axb4 exf2+ 31.Qxf2 Rxe1+ 32.Qxe1 Qxc4 33.Bb2 Re8 34.Qd2 Nbd5 35.Rd4 Qb3
36.Rd3 Qxb4 37.Ba2 Qxd2 38.Rxd2 Re1+ 39.Kf2 Rd1 40.Rxd1 Bxd1 41.Bxf6 Bxf6
42.Nxf7 Kxf7 43.Bxd5+ Ke7 44.Ke3 Ba4 45.Ne4 Be5 46.g4 Be8 47.h4 h6 48.Nd2 Bg3
49.Nf3 Bd7 50.Be4 Kf7 51.g5 h5 52.Kd4 Bg4 53.Kc5 Bxf3 54.Bxf3 Bxh4 55.Kb6 Bxg5
56.Kxa6 Kf6 57.Kb5 Ke5 58.Kc4 Kf4 59.Bc6 Bd8 60.Be8 Kf5 61.Kd3  1/2-1/2

[Event "FRG-CupT"]
[Site "Germany"]
[Date "1989.??.??"]
[Round "?"]
[White "Braga, Fernando"]
[Black "Nunn, John DM"]
[Result "1/2-1/2"]
[WhiteElo "2430"]
[BlackElo "2625"]

1.d4 Nf6 2.Nf3 g6 3.Bg5 Bg7 4.Nbd2 O-O 5.e4 d5 6.Bd3 dxe4 7.Nxe4 Nxe4 8.Bxe4 c5
9.c3 Qd6 10.dxc5 Qxc5 11.O-O Nc6 12.Qb3 Na5 13.Qc2 Nc4 14.Rad1 Re8 15.Rfe1 Bg4
16.Rd5 Qc7 17.h3 Be6 18.Rdd1 Rad8 19.Bh4 Nd6 20.Nd4 Bc8 21.Bd5 Bxd4 22.Rxd4 Nf5
23.Qb3 Rf8 24.Rde4 Nxh4 25.Rxh4 e6 26.Bf3 Rd2 27.Rc4 Qb8 28.Rd1 Rfd8 29.Rxd2 Rxd2
30.Qb4 Bd7 31.Rd4 Rxd4  1/2-1/2

[Event "Bundesliga 8889"]
[Site "Germany"]
[Date "1989.??.??"]
[Round "?"]
[White "Nunn, John DM"]
[Black "Wahls, Matthias"]
[Result "1/2-1/2"]
[WhiteElo "2620"]
[BlackElo "2535"]

1.e4 d6 2.d4 e5 3.Nf3 Nf6 4.dxe5 Nxe4 5.Nbd2 Nxd2 6.Bxd2 Be7 7.Bb5+ c6 8.Bd3 dxe5
9.Nxe5 Nd7 10.Nxd7 Bxd7 11.Qh5 Be6 12.O-O Qd5 13.Qxd5 Bxd5 14.Rae1 Kf8 15.Re2 Bf6
16.Rfe1 g5 17.b3 Rd8 18.Bf5 c5 19.Be3 b6 20.Rd1 Kg7 21.Red2 Bc6 22.Bd7 Bxd7
23.Rxd7 Rxd7 24.Rxd7 Rd8 25.Rxd8 Bxd8 26.g4 f5 27.f3  1/2-1/2

[Event "Bundesliga 8889"]
[Site "Germany"]
[Date "1989.??.??"]
[Round "?"]
[White "Nunn, John DM"]
[Black "Unzicker, Wolfgang"]
[Result "1-0"]
[WhiteElo "2620"]
[BlackElo "2480"]

1.e4 e5 2.Nf3 Nc6 3.Bb5 a6 4.Ba4 Nf6 5.O-O Be7 6.Re1 b5 7.Bb3 d6 8.c3 O-O
9.h3 Na5 10.Bc2 c5 11.d4 Qc7 12.Nbd2 Bd7 13.Nf1 Nc4 14.b3 Nb6 15.Ne3 c4 16.bxc4 Nxc4
17.Nxc4 bxc4 18.Ba3 Rfe8 19.Qe2 Bf8 20.Nd2 Rec8 21.Reb1 Qa5 22.Bb4 Qc7 23.dxe5 dxe5
24.Bxf8 Kxf8 25.Rb4 Be6 26.Rab1 Qc5 27.Nf1 Ra7 28.Ne3 Rac7 29.R1b2 Qa5 30.a4 Qc5
31.Bb1 Rd7 32.Kh2 Rdc7 33.Qc2 Qa7 34.Rb6 Nd7 35.a5 Nc5 36.Ba2 Nb3 37.Nd5 Rd7
38.Bxb3 cxb3 39.Qxb3 g6 40.c4 Kg7 41.Qc3 Bxd5 42.Qxe5+  1-0

[Event "Bundesliga 8889"]
[Site "Germany"]
[Date "1989.??.??"]
[Round "?"]
[White "Nunn, John DM"]
[Black "Sonntag, Hans Hubert"]
[Result "0-1"]
[WhiteElo "2625"]
[BlackElo "2380"]

1.e4 e5 2.Nf3 Nc6 3.Bb5 a6 4.Ba4 Nf6 5.O-O Be7 6.Re1 b5 7.Bb3 d6 8.c3 O-O
9.h3 Bb7 10.d4 Re8 11.Nbd2 Bf8 12.a3 g6 13.Ba2 Bg7 14.b4 Nb8 15.Ng5 Rf8 16.Nb3 Nbd7
17.Na5 Rb8 18.Nxb7 Rxb7 19.f4 Qe7 20.f5 c5 21.d5 h6 22.Nf3 gxf5 23.Nh4 f4
24.Nf5 Qd8 25.g3 Kh8 26.gxf4 Rg8 27.Kh1 Bf8 28.Bb1 Rc7 29.Ra2 cxb4 30.cxb4 Rc3
31.Rh2 exf4 32.Bb2 Rc8 33.Rf2 Ne5 34.Rxf4 Rg5 35.Rf2 Ng8 36.Ref1 Rg6 37.Rg1 Ne7
38.Nd4 Bg7 39.Qh5 Qe8 40.Rfg2 Kh7 41.Nf5 Rxg2 42.Rxg2 Nxf5 43.Qxf5+ Ng6 44.e5 Bxe5
45.Bxe5 dxe5 46.d6 Rd8 47.Qf6 e4 48.Rg4 Rd7 49.Rxe4 Qh8 50.Qf1 Qa8 51.h4 Qd5
52.Kg1 Rxd6 53.Bc2 f5 54.Re2 Nxh4 55.Qh3 Qd4+ 56.Kh1 Rg6 57.Re7+ Kh8 58.Re8+ Kg7
59.Qf1 Qd5+ 60.Be4 Qd4 61.Qc1 Kf7  0-1

[Event "Bundesliga 8889"]
[Site "Germany"]
[Date "1989.??.??"]
[Round "?"]
[White "Nunn, John DM"]
[Black "Smejkal, Jan"]
[Result "1/2-1/2"]
[WhiteElo "2620"]
[BlackElo "2515"]

1.e4 e5 2.Nf3 Nc6 3.Bb5 Nf6 4.O-O Nxe4 5.d4 Nd6 6.Bg5 Be7 7.Bxe7 Qxe7 8.Bxc6 dxc6
9.dxe5 Nf5 10.Nc3 Be6 11.Qd2 Rd8 12.Qf4 O-O 13.Ne4 Kh8 14.c3 c5 15.Neg5 h6
16.Nxe6 fxe6 17.Qe4 c6 18.Rad1 Rd5 19.c4 Rxd1 20.Rxd1 Rd8 21.Rd3 Rxd3 22.Qxd3 Nd4
23.g3 Qc7 24.Nxd4 Qd7 25.Kf1 b6 26.Qf3 Qxd4 27.Qe2 b5 28.cxb5 cxb5 29.Qxb5 Qd1+
30.Kg2 Qd5+ 31.Kg1 Qxe5 32.Qb7 Kh7 33.h4 a5 34.Qb3 Qe4 35.a3 a4 36.Qc3 c4
37.Qb4  1/2-1/2

[Event "Bundesliga 8889"]
[Site "Germany"]
[Date "1989.??.??"]
[Round "?"]
[White "Nunn, John DM"]
[Black "Gschnitzer, Oswald"]
[Result "1/2-1/2"]
[WhiteElo "2625"]
[BlackElo "2365"]

1.e4 e5 2.Nf3 Nc6 3.Bb5 a6 4.Ba4 Nf6 5.O-O Be7 6.Re1 b5 7.Bb3 d6 8.c3 O-O
9.h3 Na5 10.Bc2 c5 11.d4 Nd7 12.dxc5 dxc5 13.Nbd2 f6 14.Nh4 Nb6 15.Nf5 Rf7
16.Qg4 Kh8 17.Qg3 Bf8 18.Nf3 Be6 19.h4 Rd7 20.h5 Bf7 21.Qh4 b4 22.g4 h6 23.Qg3 b3
24.axb3 Nxb3 25.Bxb3 Bxb3 26.N3h4 Rd3 27.Qg2 Nc4 28.Ng6+ Kh7 29.Qf1 Rd7 30.Ne3 Nxe3
31.Bxe3 c4 32.f4 exf4 33.Qxf4 Kg8 34.Qf5 Bd6 35.Bd4 Rf7 36.Qd5 a5 37.Nh8 Bh2+
38.Kxh2 Qxd5 39.exd5 Kxh8 40.Bb6 Rd7 41.Rxa5 Rxa5 42.Bxa5 Rxd5 43.Bb6 f5
44.Bd4 fxg4 45.Re5 Rxe5  1/2-1/2

[Event "Bundesliga 8889"]
[Site "Germany"]
[Date "1989.??.??"]
[Round "?"]
[White "Nunn, John DM"]
[Black "Baumhus, Reinhard"]
[Result "1-0"]
[WhiteElo "2620"]
[BlackElo "2270"]

1.e4 g6 2.d4 Bg7 3.Nc3 d6 4.f4 Nf6 5.Nf3 c5 6.Bb5+ Bd7 7.e5 Ng4 8.e6 Bxb5
9.exf7+ Kd7 10.Nxb5 Qa5+ 11.Nc3 cxd4 12.Nxd4 Bxd4 13.Qxd4 Nc6 14.Qc4 Qh5
15.Ne4 Rac8 16.Ng5 Kc7 17.Bd2 Kb8 18.Bc3 e5 19.Qd3 d5 20.Qxd5 Ne3 21.Qe4 h6
22.Qxe3 hxg5 23.fxe5  1-0

[Event "FRG-CupT"]
[Site "Germany"]
[Date "1989.??.??"]
[Round "2"]
[White "Hoffmann, Michael"]
[Black "Nunn, John DM"]
[Result "0-1"]
[WhiteElo "2320"]
[BlackElo "2620"]

1.e4 e5 2.Nf3 Nc6 3.Bb5 a6 4.Ba4 Nf6 5.O-O Be7 6.Bxc6 dxc6 7.d3 Nd7 8.Nbd2 O-O
9.Nc4 f6 10.Nh4 Nc5 11.Qf3 Ne6 12.Nf5 Nd4 13.Nxd4 exd4 14.Qg3 Be6 15.Bf4 Rc8
16.Na5 Qd7 17.Nc4 c5 18.a4 b6 19.b3 Kh8 20.Bd2 b5 21.Nb2 f5 22.exf5 Rxf5
23.axb5 axb5 24.Bf4 Rcf8  0-1

[Event "FRG-CupT"]
[Site "Germany"]
[Date "1989.??.??"]
[Round "3"]
[White "Nunn, John DM"]
[Black "Kortschnoj, Viktor"]
[Result "0-1"]
[WhiteElo "2620"]
[BlackElo "2610"]

1.e4 e5 2.Nf3 Nc6 3.Bb5 a6 4.Ba4 Nf6 5.O-O Nxe4 6.d4 b5 7.Bb3 d5 8.dxe5 Be6
9.Nbd2 Be7 10.c3 O-O 11.Bc2 f5 12.Nb3 Qd7 13.Nfd4 Nxd4 14.Nxd4 c5 15.Nxe6 Qxe6
16.f3 Ng5 17.a4 g6 18.Qe2 c4 19.Re1 Qb6+ 20.Kh1 Ne6 21.Rd1 Rad8 22.axb5 axb5
23.Be3 d4 24.cxd4 Nxd4 25.Rxd4 Rxd4 26.b3 f4 27.Bg1 Qd8 28.bxc4 Rd2 29.Qe4 Bb4
30.Rf1 Qg5 31.Rf2 Rxf2 32.Bxf2 Bc3 33.Qd5+ Kg7 34.e6 Qxd5 35.cxd5 Kf6 36.g3 Ra8
37.Be4 Ra1+ 38.Kg2 Ra2 39.Kf1 fxg3 40.hxg3 Bb4 41.Bd4+ Ke7 42.g4 Bd6 43.Ke1 b4
44.Kd1 b3 45.g5 Bb4 46.Bf6+ Kf8 47.Be5 Rg2 48.d6  0-1

[Event "EU-chT"]
[Site "Haifa"]
[Date "1989.??.??"]
[Round "2"]
[White "Renet, Olivier"]
[Black "Nunn, John DM"]
[Result "0-1"]
[WhiteElo "2515"]
[BlackElo "2575"]

1.e4 e5 2.Nf3 Nc6 3.Bb5 a6 4.Ba4 Nf6 5.O-O Be7 6.Re1 b5 7.Bb3 O-O 8.c3 d5
9.exd5 Nxd5 10.Nxe5 Nxe5 11.Rxe5 c6 12.d4 Bd6 13.Re1 Qh4 14.g3 Qh3 15.Be3 Bg4
16.Qd3 Rae8 17.Nd2 Re6 18.a4 f5 19.Qf1 Qh5 20.f4 bxa4 21.Bxd5 cxd5 22.Rxa4 Qe8  0-1

[Event "EU-chT"]
[Site "Haifa"]
[Date "1989.??.??"]
[Round "3"]
[White "Nunn, John DM"]
[Black "Sznapik, Aleksander"]
[Result "1/2-1/2"]
[WhiteElo "2575"]
[BlackElo "2450"]

1.e4 d6 2.d4 Nf6 3.Nc3 g6 4.f4 Bg7 5.Nf3 O-O 6.Be2 c5 7.dxc5 Qa5 8.O-O Qxc5+
9.Kh1 Nc6 10.Bd3 Bg4 11.Qe1 Bxf3 12.Rxf3 Nb4 13.Be3 Nxd3 14.cxd3 Qa5 15.f5 b5
16.Bg5 b4 17.Bxf6 Bxf6 18.Nd5 Kg7 19.Qd2 Rac8 20.Rh3 g5 21.Rf3 Qc5 22.Raf1 Qc2
23.R3f2  1/2-1/2

[Event "EU-chT"]
[Site "Haifa"]
[Date "1989.??.??"]
[Round "5"]
[White "Nunn, John DM"]
[Black "Pinter, Jozsef"]
[Result "1-0"]
[WhiteElo "2575"]
[BlackElo "2560"]

1.e4 e5 2.Nf3 Nc6 3.Bb5 a6 4.Ba4 Nf6 5.O-O Be7 6.Re1 b5 7.Bb3 O-O 8.c3 d6
9.h3 h6 10.d4 Re8 11.Nbd2 Bf8 12.Nf1 Bd7 13.Ng3 Na5 14.Bc2 Nc4 15.b3 Nb6
16.a4 c5 17.a5 Nc8 18.b4 c4 19.Ba3 Qc7 20.Nh4 Ne7 21.Qf3 Nh7 22.Nhf5 Ng6
23.Nh5 Be6 24.Rad1 f6 25.Qg3 Qf7 26.dxe5 dxe5 27.Nhxg7 Bxg7 28.Nd6  1-0

[Event "EU-chT"]
[Site "Haifa"]
[Date "1989.??.??"]
[Round "6"]
[White "Georgiev, Kiril"]
[Black "Nunn, John DM"]
[Result "1/2-1/2"]
[WhiteElo "2590"]
[BlackElo "2575"]

1.Nf3 Nf6 2.c4 g6 3.g3 Bg7 4.Bg2 c6 5.Nc3 d5 6.cxd5 cxd5 7.Qa4+ Nc6 8.Ne5 Bd7
9.Nxd7 Qxd7 10.d3 O-O 11.O-O e6 12.Rd1 Rfc8 13.Bg5 h6 14.Bd2 a6 15.Rdc1 b5
16.Qd1 Rab8 17.Rab1 Kh7 18.b4 Rb7 19.a3 Rbc7 20.Na2 Qe7 21.Rc2 Nd7 22.Nc1 Nb6
23.Bf4 Be5 24.Rxc6 Bxf4 25.Rxc7 Bxc7 26.Nb3 Bd6 27.Rc1  1/2-1/2

[Event "EU-chT"]
[Site "Haifa"]
[Date "1989.??.??"]
[Round "7"]
[White "Nunn, John DM"]
[Black "Salov, Valery"]
[Result "1/2-1/2"]
[WhiteElo "2575"]
[BlackElo "2645"]

1.e4 e5 2.Nf3 Nc6 3.Bb5 Nf6 4.O-O Nxe4 5.d4 Nd6 6.dxe5 Nxb5 7.a4 Nbd4 8.Nxd4 Nxd4
9.Qxd4 d5 10.Nc3 c6 11.a5 Bf5 12.f4 Qd7 13.Rf2 h5 14.Be3 Rh6 15.Na4 Rg6 16.Rd1 Be7
17.Qc3 Be4 18.Rdd2 b6 19.axb6 axb6 20.f5 Bxf5 21.Nxb6 Ra1+ 22.Rf1 Rxf1+ 23.Kxf1 Qb7
24.Qa5 Re6 25.c4 Rxe5 26.Bd4 Bg5 27.Bxe5 Bxd2 28.Qxd2 Qxb6 29.cxd5 Qb5+ 30.Kf2 f6
31.Bc3 cxd5 32.Qe2+ Qxe2+ 33.Kxe2 h4 34.Ke3 Kd7 35.g3 h3 36.b4 Kc6 37.Kd4 Be4
38.Bd2 Bg2 39.Bf4 Bf1 40.Bd2 g5 41.Bc3 Kd6 42.Ke3 Ke6 43.g4 Bb5 44.Bd4 f5
45.gxf5+ Kxf5 46.Kd2  1/2-1/2

[Event "EU-chT"]
[Site "Haifa"]
[Date "1989.??.??"]
[Round "8"]
[White "Sokolov, Ivan"]
[Black "Nunn, John DM"]
[Result "1/2-1/2"]
[WhiteElo "2525"]
[BlackElo "2575"]

1.d4 Nf6 2.c4 g6 3.Nc3 Bg7 4.Bg5 O-O 5.Nf3 c5 6.e3 cxd4 7.exd4 d5 8.Bxf6 Bxf6
9.cxd5 Bg4 10.Be2 Qb6 11.Qd2 Bxf3 12.Bxf3 Bxd4 13.Na4 Qf6 14.Rd1 Be5 15.Nc5 Qb6
16.Nxb7 Qxb7 17.d6 Nc6 18.Rc1 Bxd6 19.Bxc6 Qb6 20.O-O Rfd8 21.Qe2 Rac8 22.Ba4 Qb4
23.Rxc8 Rxc8 24.Bb3 a5 25.g3 a4 26.Qa6 Rb8  1/2-1/2

[Event "EU-chT"]
[Site "Haifa"]
[Date "1989.??.??"]
[Round "9"]
[White "Nunn, John DM"]
[Black "Fauland, Alexander"]
[Result "1/2-1/2"]
[WhiteElo "2575"]
[BlackElo "2455"]

1.e4 c5 2.Nf3 Nc6 3.d4 cxd4 4.Nxd4 e5 5.Nb5 d6 6.g3 Be7 7.Bg2 Be6 8.N1c3 a6
9.Na3 Rc8 10.O-O Nb4 11.Nd5 Nxd5 12.exd5 Bd7 13.c4 Nf6 14.b4 O-O 15.Qb3 Bf5
16.Bb2 a5 17.bxa5 Qxa5 18.Qxb7 Nd7 19.Qb3 Nc5 20.Qf3 Bd3 21.Rad1 Bxf1 22.Bxf1 Rb8
23.Bc1 Qa4 24.Qe2 Ra8 25.h4 f5 26.Rd2 Ne4 27.Rc2 Bd8 28.Kg2 Ba5 29.Nb5 Rad8
30.f3  1/2-1/2

[Event "Lugano op"]
[Site "Lugano"]
[Date "1989.??.??"]
[Round "2"]
[White "Nunn, John DM"]
[Black "Welin, Thomas"]
[Result "1/2-1/2"]
[WhiteElo "2620"]
[BlackElo "2395"]

1.e4 e6 2.d4 d5 3.Nc3 Nf6 4.e5 Nfd7 5.f4 c5 6.Nf3 Nc6 7.Be3 cxd4 8.Nxd4 Qb6
9.Ncb5 Bc5 10.c3 a6 11.b4 axb5 12.bxc5 Qxc5 13.Qd2 Nxd4 14.cxd4 Qa3 15.Bxb5 O-O
16.O-O Nb6 17.Rf3 Qa5 18.Qe2 Nc4 19.Bxc4 dxc4 20.Qxc4 Bd7 21.Rf2 Rfc8 22.Qe2 Qd5
23.Qb2 Ra4 24.Rc1 Rxc1+ 25.Qxc1 Bc6 26.Qb1 Ra3 27.Bc1 Ra4 28.Be3 Ra3 29.Bc1 Ra4  1/2-1/2

[Event "Lugano op"]
[Site "Lugano"]
[Date "1989.??.??"]
[Round "4"]
[White "Nunn, John DM"]
[Black "Spiridonov, Nikola"]
[Result "1/2-1/2"]
[WhiteElo "2620"]
[BlackElo "2390"]

1.e4 c6 2.d4 d5 3.Nd2 dxe4 4.Nxe4 Nd7 5.Bc4 Ngf6 6.Ng5 e6 7.Qe2 Nb6 8.Bb3 h6
9.N5f3 c5 10.Bf4 a6 11.dxc5 Bxc5 12.Rd1 Nbd7 13.c3 Qb6 14.Nd2 Qc6 15.Ngf3 b5
16.O-O Bb7 17.Rfe1 O-O 18.Qf1 Rad8 19.Nd4 Bxd4 20.cxd4 Qb6 21.Be5 Rc8 22.Qe2 Rfd8
23.h3 Nxe5 24.dxe5 Nd5 25.Qg4 Ne7 26.Ne4 Bxe4 27.Qxe4 Nf5 28.Rxd8+ Rxd8 29.Rd1 Rxd1+
30.Bxd1 g6 31.Bc2 Nd4 32.Bd3 Qc5 33.Kh2 a5 34.f4 b4 35.Qa8+ Kg7 36.Qd8 Nf3+
37.Kg3 Ne1 38.Qf6+ Kg8 39.Bxg6 Qe3+ 40.Kh2 Nf3+ 41.gxf3 Qf2+ 42.Kh1 Qxf3+  1/2-1/2

[Event "Lugano op"]
[Site "Lugano"]
[Date "1989.??.??"]
[Round "6"]
[White "Nunn, John DM"]
[Black "Thorsteins, Karl"]
[Result "1-0"]
[WhiteElo "2620"]
[BlackElo "2430"]

1.e4 c5 2.Nf3 e6 3.d4 cxd4 4.Nxd4 Nf6 5.Nc3 d6 6.g4 Be7 7.g5 Nfd7 8.h4 O-O
9.Be3 Nc6 10.Bc4 Nxd4 11.Qxd4 a6 12.O-O-O b5 13.Bb3 Nc5 14.f4 Qa5 15.h5 b4
16.h6 e5 17.Nd5 Nxb3+ 18.axb3 Bxg5 19.fxe5 Bxe3+ 20.Qxe3 g6 21.Qg5 f6 22.Ne7+ Kf7
23.e6+  1-0

[Event "Lugano op"]
[Site "Lugano"]
[Date "1989.??.??"]
[Round "9"]
[White "Marinelli, Tullio"]
[Black "Nunn, John DM"]
[Result "1-0"]
[WhiteElo "2260"]
[BlackElo "2620"]

1.d4 Nf6 2.c4 g6 3.Nc3 Bg7 4.e4 d6 5.f3 O-O 6.Be3 Nbd7 7.Nh3 e5 8.d5 Nh5
9.Qd2 f5 10.O-O-O Ndf6 11.exf5 gxf5 12.Bg5 Kh8 13.Be2 Qe8 14.Nb5 Qf7 15.Bh6 a6
16.Ng5 Qg6 17.Bxg7+ Qxg7 18.Nc3 Rg8 19.h4 Ng3 20.Rhe1 h6 21.Ne6 Bxe6 22.dxe6 b6
23.Bd3 Rae8 24.Qc2 f4 25.Nd5 Ngh5 26.Bf5 Nxd5 27.cxd5 Qxg2 28.Qd3 Nf6 29.Re2 Qg3
30.h5 Qg7 31.Bg6 Ra8 32.Rc2 Qe7 33.Kb1 Rg7 34.Rdc1 Ra7 35.Rg2 Nh7 36.Qf5 Ng5
37.Rgc2 Rg8 38.Rc3 c5 39.dxc6 Nxe6 40.c7 Nxc7 41.Bf7  1-0

[Event "OHRA-A"]
[Site "Amsterdam"]
[Date "1990.??.??"]
[Round "1"]
[White "Nunn, John DM"]
[Black "Kortschnoj, Viktor"]
[Result "1/2-1/2"]
[WhiteElo "2610"]
[BlackElo "2630"]

1.e4 e6 2.d4 d5 3.Nc3 dxe4 4.Nxe4 Nd7 5.Nf3 Ngf6 6.Nxf6+ Nxf6 7.Bd3 c5 8.dxc5 Bxc5
9.Qe2 Qc7 10.Bd2 Bd7 11.O-O Bd6 12.Rfe1 O-O-O 13.Rad1 Bc6 14.h3 h6 15.b4 Ba4
16.Rb1 Kb8 17.c4 Qd7 18.Ne5 Bxe5 19.Qxe5+ Ka8 20.Be3 Qxd3 21.Qa5 b6 22.Qxa4 Qd7
23.b5 Qb7 24.c5 Nd5 25.cxb6 Nxe3 26.Rxe3 Qxb6 27.Rc3 Rd2 28.Qe4+ Qb7 29.Rc6 Rhd8
30.Rbc1 Rd1+ 31.Rxd1 Rxd1+ 32.Kh2 Rd5 33.a4 Qb8+ 34.g3 Qd8 35.Qc4 Kb7 36.Qc3 Rd2
37.Qf3 Qf6 38.Qxf6 gxf6 39.Kg2 Rd4 40.a5 f5 41.a6+ Kb8 42.b6 axb6 43.Rxb6+ Ka7
44.Rb7+ Kxa6 45.Rxf7 Kb5 46.Rf6 Re4 47.Rxh6 Kc5 48.Rf6 Kd6 49.Rf7 Ra4 50.h4 Ra8
51.Kf3 Ra3+ 52.Kg2 Ra8 53.Kh3 Ra1 54.f3 Ke5 55.Rb7 Ra3 56.Kg2 Ra2+ 57.Kh3 Ra3
58.f4+ Kf6 59.Rb2 Kg6 60.Re2 Kh5 61.Re5 Rb3 62.Rxe6 Rxg3+ 63.Kxg3  1/2-1/2

[Event "OHRA-A"]
[Site "Amsterdam"]
[Date "1990.??.??"]
[Round "2"]
[White "Portisch, Lajos"]
[Black "Nunn, John DM"]
[Result "1/2-1/2"]
[WhiteElo "2590"]
[BlackElo "2610"]

1.d4 Nf6 2.c4 g6 3.Nc3 Bg7 4.e4 d6 5.Nf3 O-O 6.Be2 e5 7.O-O Nc6 8.Be3 Re8
9.dxe5 dxe5 10.Qxd8 Nxd8 11.Nb5 Ne6 12.Ng5 Re7 13.Rfd1 b6 14.a4 c6 15.Nxe6 Bxe6
16.Nc3 Rb7 17.b4 Bf8 18.Rab1 Nd7 19.b5 Rc8 20.Nd5 Nc5 21.bxc6 Rxc6 22.a5 bxa5
23.Nf6+ Kh8 24.Rxb7 Nxb7 25.Nd7 Bd6 26.c5 Rc7 27.cxd6 Rxd7 28.Bg5 Rxd6 29.Bf6+ Kg8
30.Bxe5 Rxd1+  1/2-1/2